[Event "FSGM 2008.03"]
[Site "Budapest HUN"]
[Date "2008.03.12"]
[Round "11"]
[White "Antal, Gergely"]
[Black "Roussel-Roozmon, Thomas"]
[Result "1/2-1/2"]
[WhiteElo "2467"]
[BlackElo "2442"]
[PlyCount "26"]
[EventDate "2008.03.01"]
[EventType "tourn"]
[EventRounds "13"]
[EventCountry "HUN"]
[EventCategory "8"]
[Source "Mark Crowther"]
[SourceDate "2008.03.17"]

1. e4 e5 2. Nc3 Nf6 3. f4 d5 4. fxe5 Nxe4 5. Qf3 Nc6 6. Bb5 Nxc3 7. dxc3 a6 8.
Bxc6+ bxc6 9. Qg3 Bf5 10. Qf2 Qd7 11. Nf3 Be7 12. Be3 O-O 13. O-O Be4 1/2-1/2

[Event "FSGM 2008.03"]
[Site "Budapest HUN"]
[Date "2008.03.13"]
[Round "12"]
[White "Roussel-Roozmon, Thomas"]
[Black "Porat, Ido"]
[Result "1-0"]
[WhiteElo "2442"]
[BlackElo "2272"]
[PlyCount "109"]
[EventDate "2008.03.01"]
[EventType "tourn"]
[EventRounds "13"]
[EventCountry "HUN"]
[EventCategory "8"]
[Source "Mark Crowther"]
[SourceDate "2008.03.17"]

1. d4 d5 2. c4 c6 3. Nf3 Nf6 4. Nc3 dxc4 5. a4 Bf5 6. Nh4 e6 7. Nxf5 exf5 8. e3
Bb4 9. Bxc4 O-O 10. O-O Nbd7 11. Qc2 Nb6 12. Bb3 Qd7 13. a5 Nbd5 14. f3 Nc7 15.
Kh1 Rad8 16. Ra4 Be7 17. e4 Ne6 18. Rd1 fxe4 19. fxe4 c5 20. dxc5 Qc7 21. Nd5
Nxd5 22. Bxd5 Qxc5 23. Qxc5 Bxc5 24. Rc4 b5 25. Rc2 Bb4 26. Bd2 Bxd2 27. Rdxd2
Rd7 28. Kg1 Rfd8 29. Kf2 Kf8 30. Ke3 Nc7 31. Ba2 Rxd2 32. Rxd2 Rxd2 33. Kxd2 f6
34. Kc3 Ke7 35. Bg8 h6 36. Kb4 Kd6 37. Bf7 a6 38. Kc3 Ke7 39. Ba2 Kd6 40. Kd4
Ne8 41. b4 Nc7 42. Bb3 Ne8 43. h4 g5 44. h5 Ng7 45. Bf7 g4 46. Bd5 Ne8 47. Bb7
Nc7 48. g3 Ne6+ 49. Ke3 Ke5 50. Bxa6 Nd4 51. Kd3 Nc6 52. Bxb5 Nxb4+ 53. Kc3
Na2+ 54. Kb3 Nc1+ 55. Kb2 1-0

[Event "Nancy Festival A"]
[Site "Nancy FRA"]
[Date "2008.02.18"]
[Round "1"]
[White "Riff, Jean Noel"]
[Black "Roussel-Roozmon, Thomas"]
[Result "1/2-1/2"]
[WhiteElo "2474"]
[BlackElo "2442"]
[PlyCount "39"]
[EventDate "2008.02.18"]
[EventType "tourn"]
[EventRounds "9"]
[EventCountry "FRA"]
[EventCategory "12"]
[Source "Mark Crowther"]
[SourceDate "2008.02.25"]

1. e4 e5 2. Nf3 Nc6 3. Bb5 a6 4. Ba4 Nf6 5. O-O Nxe4 6. d4 b5 7. Bb3 d5 8. dxe5
Be6 9. Nbd2 Nc5 10. c3 d4 11. Bxe6 Nxe6 12. cxd4 Ncxd4 13. a4 Bb4 14. axb5 Nxb5
15. Qe2 O-O 16. Rd1 Nbd4 17. Nxd4 Nxd4 18. Qg4 c5 19. Ne4 Qc8 20. Qxc8 1/2-1/2

[Event "Nancy Festival A"]
[Site "Nancy FRA"]
[Date "2008.02.19"]
[Round "2"]
[White "Roussel-Roozmon, Thomas"]
[Black "Landa, Konstantin"]
[Result "1/2-1/2"]
[WhiteElo "2442"]
[BlackElo "2641"]
[PlyCount "75"]
[EventDate "2008.02.18"]
[EventType "tourn"]
[EventRounds "9"]
[EventCountry "FRA"]
[EventCategory "12"]
[Source "Mark Crowther"]
[SourceDate "2008.02.25"]

1. d4 Nf6 2. c4 e6 3. Nc3 Bb4 4. Qc2 d5 5. cxd5 exd5 6. Bg5 c5 7. dxc5 h6 8.
Bh4 g5 9. Bg3 Ne4 10. e3 Bf5 11. Bxb8 Bxc3+ 12. bxc3 Rxb8 13. Bd3 Be6 14. Bxe4
dxe4 15. Qxe4 Qd5 16. Qxd5 Bxd5 17. f3 Ke7 18. Ne2 Rhc8 19. e4 Be6 20. Kd2 Rxc5
21. Rhb1 Rd8+ 22. Nd4 b6 23. a4 Rd7 24. Rb5 h5 25. g3 h4 26. gxh4 gxh4 27. Kc2
Bc4 28. Rxc5 bxc5 29. Nf5+ Kf6 30. Rg1 Ke5 31. Rg4 Be2 32. Nxh4 c4 33. Rg5+ Kf4
34. Rd5 Rb7 35. Rb5 Rd7 36. Rd5 Rb7 37. Rb5 Rd7 38. Rd5 1/2-1/2

[Event "Nancy Festival A"]
[Site "Nancy FRA"]
[Date "2008.02.19"]
[Round "3"]
[White "Sikula, Vaszilij"]
[Black "Roussel-Roozmon, Thomas"]
[Result "1/2-1/2"]
[WhiteElo "2550"]
[BlackElo "2442"]
[PlyCount "34"]
[EventDate "2008.02.18"]
[EventType "tourn"]
[EventRounds "9"]
[EventCountry "FRA"]
[EventCategory "12"]
[Source "Mark Crowther"]
[SourceDate "2008.02.25"]

1. e4 e5 2. Nf3 Nc6 3. Bc4 Bc5 4. c3 Nf6 5. d3 a6 6. Bb3 Ba7 7. O-O O-O 8. Nbd2
d6 9. h3 Be6 10. Re1 Bxb3 11. Qxb3 Qd7 12. Nf1 h6 13. Be3 Bxe3 14. Nxe3 Ne7 15.
Qc2 Ng6 16. d4 Rfe8 17. dxe5 Qd8 1/2-1/2

[Event "Nancy Festival A"]
[Site "Nancy FRA"]
[Date "2008.02.20"]
[Round "4"]
[White "Guliyev, Namig"]
[Black "Roussel-Roozmon, Thomas"]
[Result "1-0"]
[WhiteElo "2570"]
[BlackElo "2442"]
[PlyCount "97"]
[EventDate "2008.02.18"]
[EventType "tourn"]
[EventRounds "9"]
[EventCountry "FRA"]
[EventCategory "12"]
[Source "Mark Crowther"]
[SourceDate "2008.02.25"]

1. e4 e5 2. Nf3 Nc6 3. Bb5 a6 4. Ba4 Nf6 5. d3 d6 6. c3 g6 7. O-O Bg7 8. Re1
O-O 9. Nbd2 Nd7 10. Nf1 Nc5 11. Bc2 Ne6 12. Ng3 Qf6 13. Nd2 h5 14. Ngf1 Nf4 15.
Ne3 Be6 16. Qf3 Qd8 17. d4 Ne7 18. Ndf1 c6 19. dxe5 dxe5 20. Rd1 Qc7 21. b3
Rad8 22. Ba3 h4 23. Nc4 Bxc4 24. bxc4 Rxd1 25. Rxd1 Rd8 26. Ne3 b6 27. c5 b5
28. Bb3 a5 29. Rd6 Nc8 30. Rxd8+ Qxd8 31. g3 hxg3 32. hxg3 Nh3+ 33. Kg2 Ng5 34.
Qg4 a4 35. Bc2 Ne6 36. c4 Na7 37. cxb5 Nxb5 38. Bb4 Bf8 39. Bxa4 Bxc5 40. Be1
Bxe3 41. fxe3 Nc5 42. Bc2 Qa8 43. a4 Na3 44. Bd1 Nc4 45. Qe2 Nd6 46. a5 Ncxe4
47. Qd3 c5 48. Bf3 c4 49. Qxd6 1-0

[Event "Nancy Festival A"]
[Site "Nancy FRA"]
[Date "2008.02.21"]
[Round "5"]
[White "Roussel-Roozmon, Thomas"]
[Black "Miladinovic, Igor"]
[Result "1-0"]
[WhiteElo "2442"]
[BlackElo "2604"]
[PlyCount "39"]
[EventDate "2008.02.18"]
[EventType "tourn"]
[EventRounds "9"]
[EventCountry "FRA"]
[EventCategory "12"]
[Source "Mark Crowther"]
[SourceDate "2008.02.25"]

1. d4 d5 2. c4 Nc6 3. Nf3 e5 4. Nxe5 Nxe5 5. dxe5 dxc4 6. Qxd8+ Kxd8 7. e4 Be6
8. f4 g6 9. Na3 Bxa3 10. bxa3 f5 11. exf6 Nxf6 12. f5 gxf5 13. Bg5 Ke7 14. e5
Kf7 15. Bxf6 Rhg8 16. g3 b5 17. O-O-O a5 18. Be2 Rgb8 19. Rd4 c3 20. Bf3 1-0

[Event "Nancy Festival A"]
[Site "Nancy FRA"]
[Date "2008.02.22"]
[Round "7"]
[White "Roussel-Roozmon, Thomas"]
[Black "Marzolo, Cyril"]
[Result "1/2-1/2"]
[WhiteElo "2442"]
[BlackElo "2474"]
[PlyCount "61"]
[EventDate "2008.02.18"]
[EventType "tourn"]
[EventRounds "9"]
[EventCountry "FRA"]
[EventCategory "12"]
[Source "Mark Crowther"]
[SourceDate "2008.02.25"]

1. c4 Nf6 2. Nf3 g6 3. Nc3 Bg7 4. e4 d6 5. d4 O-O 6. Be2 c5 7. O-O Nc6 8. d5
Na5 9. Bg5 h6 10. Bd2 e5 11. b3 b6 12. Qc2 Nb7 13. g3 Bh3 14. Rfe1 Ng4 15. Nh4
Kh7 16. f3 Nf6 17. Nd1 Bd7 18. Nf2 Ng8 19. Bd3 h5 20. Re2 Bh6 21. Bc3 a6 22.
Ng2 b5 23. a3 Qb6 24. f4 Bg7 25. Kh1 Rfb8 26. Ree1 b4 27. Bb2 bxa3 28. Rxa3 a5
29. Rb1 Qd8 30. Bc3 h4 31. f5 1/2-1/2

[Event "Nancy Festival A"]
[Site "Nancy FRA"]
[Date "2008.02.23"]
[Round "8"]
[White "Gozzoli, Yannick"]
[Black "Roussel-Roozmon, Thomas"]
[Result "1/2-1/2"]
[WhiteElo "2510"]
[BlackElo "2442"]
[PlyCount "26"]
[EventDate "2008.02.18"]
[EventType "tourn"]
[EventRounds "9"]
[EventCountry "FRA"]
[EventCategory "12"]
[Source "Mark Crowther"]
[SourceDate "2008.02.25"]

1. d4 Nf6 2. c4 e6 3. Nf3 b6 4. g3 Bb7 5. Bg2 Be7 6. O-O O-O 7. Re1 Ne4 8. Nfd2
f5 9. d5 Nd6 10. Nc3 Na6 11. e4 fxe4 12. Ncxe4 Nxe4 13. Nxe4 Nc5 1/2-1/2

[Event "Nancy Festival A"]
[Site "Nancy FRA"]
[Date "2008.02.24"]
[Round "9"]
[White "Roussel-Roozmon, Thomas"]
[Black "Bauer, Ch"]
[Result "1/2-1/2"]
[WhiteElo "2442"]
[BlackElo "2614"]
[PlyCount "131"]
[EventDate "2008.02.18"]
[EventType "tourn"]
[EventRounds "9"]
[EventCountry "FRA"]
[EventCategory "12"]
[Source "Mark Crowther"]
[SourceDate "2008.02.25"]

1. Nf3 c5 2. c4 Nf6 3. Nc3 Nc6 4. g3 d5 5. d4 Bg4 6. cxd5 Nxd5 7. Bg2 e6 8.
Nxd5 exd5 9. O-O Bxf3 10. Bxf3 Nxd4 11. Bg2 Be7 12. b4 O-O 13. bxc5 Bxc5 14.
Bb2 Ne6 15. Bxd5 Bd4 16. Bxe6 Bxb2 17. Rb1 fxe6 18. Rxb2 Qxd1 19. Rxd1 Rf7 20.
Rd6 Re7 21. Rc2 b5 22. f3 Rb8 23. Kf2 Kf7 24. Ra6 b4 25. f4 Kf6 26. e3 g5 27.
fxg5+ Kxg5 28. Rc5+ Kf6 29. Rca5 b3 30. axb3 Rxb3 31. Kf3 Rbb7 32. g4 h6 33.
Ra4 Red7 34. h3 Rb6 35. Rxa7 Rxa7 36. Rxa7 Rb1 37. Ra2 Rb4 38. Ra3 h5 39. Ra5
hxg4+ 40. hxg4 Rc4 41. g5+ Kg6 42. e4 Rc1 43. Kf4 Rg1 44. Ra8 Rg2 45. Rg8+ Kf7
46. Rh8 Rf2+ 47. Ke5 Rg2 48. Kf4 Rf2+ 49. Ke5 Rg2 50. Rh7+ Kg6 51. Rh6+ Kxg5
52. Rxe6 Ra2 53. Rd6 Ra5+ 54. Rd5 Ra6 55. Rd6 Ra5+ 56. Rd5 Ra6 57. Rc5 Kg6 58.
Kd5 Kf6 59. e5+ Ke7 60. Rc7+ Ke8 61. Rh7 Ra5+ 62. Ke6 Ra6+ 63. Kf5 Rb6 64. e6
Rb1 65. Kf4 Rg1 66. Ke5 1/2-1/2

[Event "FSGM 2008.02"]
[Site "Budapest HUN"]
[Date "2008.02.02"]
[Round "1"]
[White "Roussel-Roozmon, Thomas"]
[Black "Kristjansson, Stefan"]
[Result "1/2-1/2"]
[WhiteElo "2442"]
[BlackElo "2476"]
[PlyCount "53"]
[EventDate "2008.02.02"]
[EventType "tourn"]
[EventRounds "13"]
[EventCountry "HUN"]
[EventCategory "8"]
[Source "Mark Crowther"]
[SourceDate "2008.02.04"]

1. Nf3 Nf6 2. c4 e6 3. Nc3 Bb4 4. Qc2 c5 5. a3 Ba5 6. g3 Nc6 7. Bg2 O-O 8. O-O
d6 9. d3 Bd7 10. e3 Rc8 11. b3 a6 12. Bb2 Bb6 13. Rac1 Ba7 14. Rfd1 d5 15. Ne2
Qe7 16. Ne5 Nxe5 17. Bxe5 Bc6 18. Qb2 Ne8 19. Bc3 dxc4 20. Bxc6 Rxc6 21. bxc4
f6 22. d4 Nd6 23. d5 Nxc4 24. Bxf6 Rxf6 25. Rxc4 exd5 26. Rxd5 Rcd6 27. Qd2
1/2-1/2

[Event "FSGM 2008.02"]
[Site "Budapest HUN"]
[Date "2008.02.04"]
[Round "3"]
[White "Roussel-Roozmon, Thomas"]
[Black "Bui Vinh"]
[Result "1/2-1/2"]
[WhiteElo "2442"]
[BlackElo "2482"]
[PlyCount "85"]
[EventDate "2008.02.02"]
[EventType "tourn"]
[EventRounds "13"]
[EventCountry "HUN"]
[EventCategory "8"]
[Source "Mark Crowther"]
[SourceDate "2008.02.11"]

1. Nf3 f5 2. c4 Nf6 3. g3 b6 4. Bg2 Bb7 5. O-O g6 6. Nc3 Bg7 7. d3 O-O 8. Re1
Nc6 9. e4 fxe4 10. dxe4 e5 11. Bg5 h6 12. Bxf6 Bxf6 13. Nd5 d6 14. b4 Kh7 15.
b5 Ne7 16. a4 a6 17. Qd3 c6 18. bxc6 Bxc6 19. Reb1 Nxd5 20. cxd5 Bd7 21. Bf1
Be7 22. Rb3 Rf7 23. Qe3 Qf8 24. Ne1 Bd8 25. Nc2 Rc8 26. Nb4 a5 27. Nc6 Bxc6 28.
dxc6 Rxc6 29. Rb2 Rf3 30. Qe1 Rfc3 31. Bb5 Rc7 32. Rd1 h5 33. Rbd2 Be7 34. Qe2
Kg7 35. Kg2 Qf7 36. Rd5 Qe6 37. h4 Qc8 38. R5d3 R7c5 39. Rxc3 Rxc3 40. Rd3 Rc2
41. Rd2 Rc3 42. Rd3 Rc2 43. Rd2 1/2-1/2

[Event "FSGM 2008.02"]
[Site "Budapest HUN"]
[Date "2008.02.05"]
[Round "4"]
[White "Nguyen Huynh Minh, Huy"]
[Black "Roussel-Roozmon, Thomas"]
[Result "1/2-1/2"]
[WhiteElo "2398"]
[BlackElo "2442"]
[PlyCount "36"]
[EventDate "2008.02.02"]
[EventType "tourn"]
[EventRounds "13"]
[EventCountry "HUN"]
[EventCategory "8"]
[Source "Mark Crowther"]
[SourceDate "2008.02.11"]

1. d4 Nf6 2. Nf3 e6 3. c4 d5 4. e3 Be7 5. Bd3 dxc4 6. Bxc4 a6 7. O-O O-O 8. b3
Nbd7 9. Bb2 c5 10. Nbd2 b5 11. Be2 Bb7 12. a4 b4 13. Rc1 Ne4 14. Nxe4 Bxe4 15.
Nd2 Bd5 16. Bf3 Bxf3 17. Qxf3 cxd4 18. Bxd4 Bf6 1/2-1/2

[Event "FSGM 2008.02"]
[Site "Budapest HUN"]
[Date "2008.02.07"]
[Round "6"]
[White "Rajlich, Iweta"]
[Black "Roussel-Roozmon, Thomas"]
[Result "1/2-1/2"]
[WhiteElo "2437"]
[BlackElo "2442"]
[PlyCount "117"]
[EventDate "2008.02.02"]
[EventType "tourn"]
[EventRounds "13"]
[EventCountry "HUN"]
[EventCategory "8"]
[Source "Mark Crowther"]
[SourceDate "2008.02.11"]

1. d4 Nf6 2. c4 e6 3. Nc3 Bb4 4. Qc2 d5 5. Nf3 c5 6. a3 Bxc3+ 7. bxc3 Nc6 8. g3
Qa5 9. dxc5 Qxc5 10. cxd5 exd5 11. Be3 Qa5 12. Nd4 O-O 13. Bg2 Ng4 14. Bd2 Qc5
15. Qa4 Nge5 16. Qb5 Qxb5 17. Nxb5 Be6 18. Nd6 Na5 19. Rb1 Rfd8 20. Bf4 Ng6 21.
Nb5 Nxf4 22. gxf4 Bf5 23. Rd1 Be4 24. Bxe4 dxe4 25. Nd6 Rd7 26. Nxe4 Rxd1+ 27.
Kxd1 Nc4 28. Kc2 Rd8 29. f5 Nxa3+ 30. Kb3 Nb5 31. f6 gxf6 32. Rg1+ Kf8 33. Nxf6
Ke7 34. Ng8+ Kf8 35. Rg5 Nd6 36. Nf6 h6 37. Rh5 Ke7 38. Ng4 Rg8 39. Re5+ Kf8
40. Nxh6 Rg2 41. f3 Rxh2 42. Ng4 Rh1 43. Nf6 Rb1+ 44. Kc2 Rb2+ 45. Kc1 Rb5 46.
Nd7+ Kg7 47. Rxb5 Nxb5 48. Kc2 Kg6 49. Kd3 Kf5 50. Nc5 b6 51. Nb7 Ke5 52. Nd8
Kf6 53. Nc6 a5 54. c4 Nc7 55. c5 bxc5 56. Nxa5 Ke5 57. Nb7 Ne6 58. Kc4 Nd4 59.
Nxc5 1/2-1/2

[Event "FSGM 2008.02"]
[Site "Budapest HUN"]
[Date "2008.02.08"]
[Round "7"]
[White "Roussel-Roozmon, Thomas"]
[Black "Ilincic, Zlatko"]
[Result "1/2-1/2"]
[WhiteElo "2442"]
[BlackElo "2561"]
[PlyCount "51"]
[EventDate "2008.02.02"]
[EventType "tourn"]
[EventRounds "13"]
[EventCountry "HUN"]
[EventCategory "8"]
[Source "Mark Crowther"]
[SourceDate "2008.02.11"]

1. Nf3 Nf6 2. c4 g6 3. Nc3 Bg7 4. e4 d6 5. d4 O-O 6. Be2 e5 7. O-O Nh5 8. g3
Bh3 9. Re1 exd4 10. Nxd4 Nf6 11. Bg5 h6 12. Be3 Nbd7 13. Qd2 h5 14. f3 Ne5 15.
Nd1 c5 16. Nb5 a6 17. Nxd6 Qb6 18. Nf2 Be6 19. f4 Neg4 20. e5 Rfd8 21. Nxg4
hxg4 22. Qc2 Rxd6 23. exd6 Ne8 24. Rab1 Nxd6 25. Bf2 a5 26. b3 1/2-1/2

[Event "FSGM 2008.02"]
[Site "Budapest HUN"]
[Date "2008.02.09"]
[Round "8"]
[White "Leviczki, Tibor"]
[Black "Roussel-Roozmon, Thomas"]
[Result "0-1"]
[WhiteElo "2396"]
[BlackElo "2442"]
[PlyCount "106"]
[EventDate "2008.02.02"]
[EventType "tourn"]
[EventRounds "13"]
[EventCountry "HUN"]
[EventCategory "8"]
[Source "Mark Crowther"]
[SourceDate "2008.02.11"]

1. e4 e5 2. Nf3 Nc6 3. Bb5 Nf6 4. O-O Nxe4 5. d4 Nd6 6. Bxc6 dxc6 7. dxe5 Nf5
8. Qxd8+ Kxd8 9. Nc3 Bd7 10. Rd1 Kc8 11. Ng5 Be8 12. b3 b6 13. Bb2 Be7 14. Nge4
Kb7 15. Rd3 Rd8 16. Rad1 Kc8 17. Rxd8+ Bxd8 18. Rd3 Bd7 19. Ne2 Re8 20. f3 Nh4
21. N4g3 Be7 22. h3 a5 23. a4 Bf8 24. Kh2 h6 25. Nf4 Rd8 26. Nfh5 Be6 27. Rxd8+
Kxd8 28. Nf4 Bc8 29. Nge2 Nf5 30. Bc1 Bc5 31. Nd3 Be3 32. Bb2 Bd2 33. Bc1 Bxc1
34. Nexc1 Ne3 35. Ne1 Bf5 36. c4 Nc2 37. Nxc2 Bxc2 38. f4 Ke7 39. Kg3 Ke6 40.
Kf3 g5 41. g4 gxf4 42. Kxf4 c5 43. h4 Bd1 44. g5 h5 45. Ke4 Bc2+ 46. Kf4 c6 47.
Ke3 Kxe5 48. Kd2 Be4 49. Ke3 Kf5 50. Nd3 Bxd3 51. Kxd3 Kg4 52. Ke4 Kxh4 53. Kf4
Kh3 0-1

[Event "FSGM 2008.02"]
[Site "Budapest HUN"]
[Date "2008.02.10"]
[Round "9"]
[White "Roussel-Roozmon, Thomas"]
[Black "Prohaszka, P2."]
[Result "1-0"]
[WhiteElo "2442"]
[BlackElo "2495"]
[PlyCount "113"]
[EventDate "2008.02.02"]
[EventType "tourn"]
[EventRounds "13"]
[EventCountry "HUN"]
[EventCategory "8"]
[Source "Mark Crowther"]
[SourceDate "2008.02.18"]

1. d4 d5 2. c4 e6 3. Nf3 Nf6 4. Nc3 c6 5. e3 Nbd7 6. Bd3 dxc4 7. Bxc4 b5 8. Be2
Bb7 9. O-O Be7 10. e4 b4 11. e5 bxc3 12. exf6 gxf6 13. bxc3 c5 14. Rb1 Be4 15.
Bd3 Bxd3 16. Qxd3 Nb6 17. Ba3 cxd4 18. Bxe7 Qxe7 19. Nxd4 O-O 20. Rb5 f5 21.
Qg3+ Kh8 22. Qe5+ Kg8 23. Nxf5 Qg5 24. h4 Qxf5 25. Qg3+ Qg6 26. Rg5 Kh8 27.
Rxg6 hxg6 28. Qe5+ Kh7 29. h5 Rad8 30. hxg6+ Kxg6 31. g3 Rd5 32. Qe4+ Kf6 33.
Kg2 Ke7 34. Qb4+ Rd6 35. Rd1 Nd5 36. Qc5 Rfd8 37. Qxa7+ R8d7 38. Qa3 Kf6 39.
Rd4 e5 40. Rh4 Ke6 41. c4 Ne7 42. Rh6+ Ng6 43. Qc5 Ra6 44. a4 Rda7 45. Qd5+ Ke7
46. Rh7 Kf6 47. c5 Rxa4 48. Rxf7+ Rxf7 49. Qc6+ Kf5 50. Qxa4 e4 51. Qd4 Ne5 52.
Qd5 Rd7 53. g4+ Kf4 54. Qe6 Rf7 55. c6 e3 56. f3 e2 57. Qh6# 1-0

[Event "FSGM 2008.02"]
[Site "Budapest HUN"]
[Date "2008.02.11"]
[Round "10"]
[White "Mihok, Oliver"]
[Black "Roussel-Roozmon, Thomas"]
[Result "1/2-1/2"]
[WhiteElo "2351"]
[BlackElo "2442"]
[PlyCount "22"]
[EventDate "2008.02.02"]
[EventType "tourn"]
[EventRounds "13"]
[EventCountry "HUN"]
[EventCategory "8"]
[Source "Mark Crowther"]
[SourceDate "2008.02.18"]

1. e4 e5 2. Nf3 Nc6 3. Bb5 a6 4. Ba4 Nf6 5. O-O b5 6. Bb3 Bc5 7. c3 d6 8. d3
O-O 9. h3 h6 10. a4 Bb7 11. Na3 b4 1/2-1/2

[Event "FSGM 2008.02"]
[Site "Budapest HUN"]
[Date "2008.02.13"]
[Round "12"]
[White "Roussel-Roozmon, Thomas"]
[Black "Kosic, Dragan"]
[Result "1/2-1/2"]
[WhiteElo "2442"]
[BlackElo "2511"]
[PlyCount "27"]
[EventDate "2008.02.02"]
[EventType "tourn"]
[EventRounds "13"]
[EventCountry "HUN"]
[EventCategory "8"]
[Source "Mark Crowther"]
[SourceDate "2008.02.18"]

1. Nf3 Nf6 2. c4 c5 3. Nc3 Nc6 4. g3 d5 5. d4 e6 6. cxd5 Nxd5 7. Bg2 Nxc3 8.
bxc3 cxd4 9. Nxd4 Nxd4 10. Qxd4 Qxd4 11. cxd4 Bd6 12. O-O Rb8 13. e4 b6 14. Be3
1/2-1/2

[Event "FSGM 2008.02"]
[Site "Budapest HUN"]
[Date "2008.02.14"]
[Round "13"]
[White "Farago, Ivan"]
[Black "Roussel-Roozmon, Thomas"]
[Result "1/2-1/2"]
[WhiteElo "2475"]
[BlackElo "2442"]
[PlyCount "66"]
[EventDate "2008.02.02"]
[EventType "tourn"]
[EventRounds "13"]
[EventCountry "HUN"]
[EventCategory "8"]
[Source "Mark Crowther"]
[SourceDate "2008.02.18"]

1. d4 d5 2. c4 c6 3. Nf3 Nf6 4. Nc3 a6 5. Ne5 Nbd7 6. Bf4 dxc4 7. Nxc4 b5 8.
Ne5 Bb7 9. e3 e6 10. Qf3 Nxe5 11. Bxe5 Be7 12. Bd3 O-O 13. O-O Nd7 14. Bf4 Qb6
15. Rfd1 Rfd8 16. Qg3 Rac8 17. Bd6 Bxd6 18. Qxd6 Nf6 19. Qc5 Qxc5 20. dxc5 a5
21. a3 Kf8 22. Kf1 Ke7 23. Ke2 e5 24. g4 h6 25. h4 Rc7 26. g5 hxg5 27. hxg5 Ne8
28. b4 Bc8 29. bxa5 Be6 30. a6 Ra7 31. a4 b4 32. Ne4 Nc7 33. Rab1 Rb8 1/2-1/2

[Event "Lanaudiere"]
[Site "Repentigny CAN"]
[Date "2007.08.17"]
[Round "1"]
[White "Roussel-Roozmon, Thomas"]
[Black "Lemire-Paquin, Alexandre"]
[Result "1/2-1/2"]
[WhiteElo "2479"]
[BlackElo "1974"]
[PlyCount "67"]
[EventDate "2007.08.17"]
[EventType "swiss"]
[EventRounds "5"]
[EventCountry "CAN"]

1. Nf3 Nf6 2. c4 g6 3. Nc3 Bg7 4. e4 d6 5. d4 O-O 6. Be2 e5 7. Be3 Ng4 8. Bg5
f6 9. Bc1 c6 10. O-O Nh6 11. Re1 Nf7 12. Be3 Na6 13. a3 f5 14. exf5 gxf5 15.
dxe5 dxe5 16. Qc2 Qf6 17. Rad1 Re8 18. Kh1 Nc7 19. Bf1 Ne6 20. Ng1 h5 21. f4 e4
22. Nge2 Qg6 23. Qc1 Bf6 24. Nd4 Kh7 25. Nxe6 Bxe6 26. Bd4 Rg8 27. Bxf6 Qxf6
28. Qe3 h4 29. Rd2 Qh6 30. Rf2 b6 31. c5 Rg3 32. Qc1 b5 33. Kg1 Rag8 34. Kh1
1/2-1/2

[Event "CAN-ch"]
[Site "Kitchener CAN"]
[Date "2007.08.01"]
[Round "1"]
[White "Thavandiran, Shiyam"]
[Black "Roussel-Roozmon, Thomas"]
[Result "1/2-1/2"]
[WhiteElo "2269"]
[BlackElo "2407"]
[PlyCount "119"]
[EventDate "2007.08.01"]
[EventType "swiss"]
[EventRounds "9"]
[EventCountry "CAN"]

1. e4 e5 2. Bc4 Nf6 3. Nc3 Bc5 4. d3 c6 5. Bg5 h6 6. Bh4 d6 7. Nge2 Nbd7 8. a3
Bb6 9. Qd2 Nf8 10. O-O-O g5 11. Bg3 Ng6 12. f3 Qe7 13. d4 Bd7 14. Bf2 O-O-O 15.
Ba2 Kb8 16. Kb1 Bc8 17. Na4 Bc7 18. Nac3 Ka8 19. Rhe1 Rhe8 20. Nc1 exd4 21.
Bxd4 Ne5 22. Nd3 Nfd7 23. Qf2 Bb6 24. Ne2 Bxd4 25. Nxd4 Nc5 26. g3 Qf6 27. f4
Ng4 28. Qg1 gxf4 29. gxf4 Nxd3 30. cxd3 Qxf4 31. Rf1 Qxh2 32. Rxf7 Qxg1 33.
Rxg1 h5 34. Nf3 Rf8 35. Rh1 Nf6 36. Ng5 Bg4 37. Rf1 Nd7 38. Be6 Rxf7 39. Rxf7
Ne5 40. Rg7 Nxd3 41. Nf7 Rf8 42. Bxg4 hxg4 43. Nxd6 Ne5 44. Rg5 Nd7 45. Rxg4
Kb8 46. Rg7 Rd8 47. e5 Nxe5 48. Nxb7 Rd7 49. Rxd7 Nxd7 50. Nd6 Kc7 51. Nc4 Nb6
52. Ne5 Kd6 53. Nd3 Kd5 54. Nb4+ Kc5 55. Nd3+ Kc4 56. Nb4 c5 57. Nc6 a6 58. Kc2
Kd5 59. Ne7+ Kd6 60. Nf5+ 1/2-1/2

[Event "CAN-ch"]
[Site "Kitchener CAN"]
[Date "2007.08.01"]
[Round "2"]
[White "Roussel-Roozmon, Thomas"]
[Black "Predescu, Sebastian"]
[Result "0-1"]
[WhiteElo "2407"]
[BlackElo "2236"]
[PlyCount "88"]
[EventDate "2007.08.01"]
[EventType "swiss"]
[EventRounds "9"]
[EventCountry "CAN"]

1. d4 Nf6 2. c4 g6 3. Nc3 Bg7 4. e4 d6 5. Bd3 O-O 6. Nge2 c5 7. d5 e6 8. h3
exd5 9. exd5 Na6 10. O-O Nc7 11. Bg5 h6 12. Bh4 Rb8 13. f4 Bd7 14. a4 a6 15.
Ne4 Bf5 16. N2c3 Bxe4 17. Nxe4 Nce8 18. Qc2 Qd7 19. Nc3 Nc7 20. a5 b5 21. axb6
Rxb6 22. Na4 Rbb8 23. Rab1 Rfe8 24. Be1 Re3 25. Nc3 Nh5 26. Ne2 f5 27. Bd2 Re7
28. b4 Rbe8 29. Rfe1 cxb4 30. Bxb4 a5 31. Bxa5 Na6 32. Kh2 Nc5 33. Bd2 Re3 34.
Bxe3 Rxe3 35. Red1 Qe7 36. Ng1 Qh4 37. Ne2 Nxf4 38. Nxf4 Qxf4+ 39. Kg1 Bd4 40.
Kh1 Be5 41. Kg1 Qh2+ 42. Kf2 Rf3+ 43. Ke1 Qg1+ 44. Ke2 Qe3# 0-1

[Event "CAN-ch"]
[Site "Kitchener CAN"]
[Date "2007.08.02"]
[Round "3"]
[White "Szalay, Karoly"]
[Black "Roussel-Roozmon, Thomas"]
[Result "0-1"]
[WhiteElo "2113"]
[BlackElo "2407"]
[PlyCount "178"]
[EventDate "2007.08.01"]
[EventType "swiss"]
[EventRounds "9"]
[EventCountry "CAN"]

1. e4 c5 2. Nf3 a6 3. d4 cxd4 4. Nxd4 Nf6 5. Nc3 e5 6. Nb3 Bb4 7. Bd2 Nc6 8.
Bc4 O-O 9. f3 d6 10. Nd5 Bxd2+ 11. Qxd2 Nxd5 12. Bxd5 Qh4+ 13. Qf2 Qxf2+ 14.
Kxf2 Nb4 15. Rad1 Rd8 16. c3 Nxd5 17. Rxd5 Be6 18. Rd2 Kf8 19. Rhd1 Ke7 20. Na1
Rd7 21. b3 a5 22. a4 f5 23. exf5 Bxf5 24. c4 Rc8 25. Nc2 Bxc2 26. Rxc2 Rc6 27.
Rd5 b6 28. Rcd2 Ke6 29. Ke3 Rf7 30. Rb5 Rf6 31. Rd1 Rh6 32. h3 Rh4 33. Kf2 Rh5
34. Rdd5 Kd7 35. Rd2 Kc7 36. Rbd5 Rh6 37. Ke3 Rf6 38. Ke4 Rc5 39. R5d3 Kd7 40.
Rd1 Ke7 41. R1d2 Rg6 42. Ke3 Rf6 43. Ke4 g5 44. Rd1 h5 45. Ke3 Rc8 46. Rf1 Kd7
47. Rf2 Kc6 48. Kd2 Rcf8 49. Re2 Rf4 50. Kc3 R8f6 51. Red2 Rg6 52. Re3 g4 53.
fxg4 hxg4 54. h4 g3 55. h5 Rg5 56. Rdd3 Rh4 57. Rf3 Rgxh5 58. Rxg3 Rh6 59. Rg8
Rh1 60. Rc8+ Kd7 61. Rg8 Rf6 62. Rg5 Kc6 63. Rd2 Rc1+ 64. Kb2 Re1 65. Rg3 e4
66. Kc2 e3 67. Rd1 Rf2+ 68. Kc1 Ree2 69. Rg6 Rc2+ 70. Kb1 Rb2+ 71. Ka1 Ra2+ 72.
Kb1 Rab2+ 73. Ka1 Rfd2 74. Re1 Rxb3 75. Rg3 Ra3+ 76. Kb1 Rxa4 77. Rgxe3 Rxg2
78. Rd1 Rb4+ 79. Ka1 Ra4+ 80. Kb1 Rxc4 81. Re6 Kb7 82. Rdxd6 Rb4+ 83. Ka1 Rg1+
84. Ka2 Ka6 85. Rd8 Rg2+ 86. Ka3 Rg3+ 87. Ka2 Rh4 88. Rd2 Rg5 89. Rb2 Rb5 0-1